Slovakia and global imbalance - present status and potential development
Globálna nerovnováha vo svetovom hospodárstve posledných rokov. Pozícia eurozóny v globálnej ekonomike v podmienkach globálnej nerovnováhy. Pozícia Slovenska v svetovej ekonomike.
Saved in:
| Main Author: | |
|---|---|
| Format: | Book Chapter |
| Language: | English |
| Subjects: | |
| Tags: |
No Tags, Be the first to tag this record!
|
MARC
| LEADER | 00000naa$a2200000$$$4500 | ||
|---|---|---|---|
| 001 | 0177107 | ||
| 005 | 20240502073022.6 | ||
| 041 | 0 | |a eng | |
| 044 | |a SK | ||
| 245 | 1 | 0 | |a Slovakia and global imbalance - present status and potential development |c Jana Kotlebová |
| 520 | |a Globálna nerovnováha vo svetovom hospodárstve posledných rokov. Pozícia eurozóny v globálnej ekonomike v podmienkach globálnej nerovnováhy. Pozícia Slovenska v svetovej ekonomike. | ||
| 610 | 2 | 0 | |a hospodárstvo svetové |
| 610 | 2 | 0 | |a nerovnováha hospodárska |
| 610 | 2 | 0 | |a eurozóna |
| 610 | 2 | 0 | |a Slovensko |
| 610 | 2 | 0 | |a spotreba |
| 610 | 2 | 0 | |a zásoby |
| 610 | 2 | 0 | |a investície |
| 610 | 2 | 0 | |a investície priame zahraničné |
| 610 | 2 | 0 | |a dovoz |
| 610 | 2 | 0 | |a vývoz |
| 610 | 2 | 0 | |a bilancia obchodná |
| 610 | 2 | 0 | |a bilancia platobná |
| 610 | 2 | 0 | |a rast hospodársky |
| 100 | 1 | |a Kotlebová, Jana, 1969- | |